000 00425nam a2200181Ia 4500
001 10783
005 20260306161857.0
008 260306t1966||||xx |||||||||||||| ||spa||
041 _aESP
082 _a951
_bG366
100 _aGoodrich, L. Carrington
_eAUT
245 0 _aHistoria del pueblo chino
260 _c1966
300 _a296 páginas :
_c17 cm.
650 _aGEN
654 _aCHU
942 _cLIB
_dJUS
_fJUS
_2ddc
_n
999 _c10783
_d10783